000 00550nam a22002417a 4500
003 UA-OsUOA
001 26226
007 ta
008 20040524b un ||||| |||| 00| 0 ukr d
100 _aНовиков Ю.Ф.
090 _a631
_bН73
942 _cBK
040 _aUA-OsUOA
_brus
_cUA-OsUOA
_dUA-OsUOA
245 _aВнимание: вода
300 _a207 с.
955 _a0
041 _arus
080 _a631
260 _aМосква
_bМолодая гвардия
_c1983
044 _aRU
650 7 _2UDC
999 _c312542
_d312542